00823nam a2200229 u 450000100100000000500170001000800410002704000250006804100390009308200130013210000270014524000360017224500830020825000110029126000370030230000280033953400440036770000390041104900090045095201170045999900170057600002524720200930023645.0110211s1969 mx a r 001 0 spa d aDO-SdBNPbspacBNPHU17aspahfre2Código de idiomas MARC ann*bnn*1 aBlond, Georges.95174013aLa legion etrangere.lEspañol13aLa legión extranjera /cGeorges Blond ; traducción de Ramón Palazón B. a2a ed. aMéxico, D. F. :bDiana,c1969. a460 p. :bil. ;c22 cm. aTítulo orginal :tLa legion etrangere1 aPalazón B., Ramón,etr.945467 aBNGR 001054708MOaGRbGRcCTd2011-02-11iLF1l0onn* nn*p25247-10r2020-06-25w2020-06-25y4ZPréstamo en sala c24740d24740